000 00485nam a2200169Ia 4500
999 _c8942
_d8942
003 OSt
005 20201008123829.0
008 190216s9999||||xx |||||||||||||| ||und||
040 _coclc
082 _a005.268
_bVIS/C
100 _aViswam, Pyari
_95474
245 0 _aComputer Gurukulam:
_bVisual Basic /
_cPyari Viswam
260 _bKairali Books,
_aKottayam:
_c2006.
300 _a256p
650 _aMalayalam
942 _cBK
_2ddc
_h005.268
_iVIS/C
_k005.268
_mVIS/C